La biblioteca segreta

Saved in:
Bibliografiske detaljer
Hovedforfatter: Teobaldelli Ivan
Format: Bog
Sprog:ukendt sprog
Udgivet: * Sperling 1997
Tags: Tilføj Tag
Ingen Tags, Vær først til at tagge denne postø!

MARC

LEADER 00000nam a2200000Ia 4500
001 79
003 NUMERAZIONE-ORIGINALE-BRESCIA
005 20260206230747.0
008 260206s9999 xx 000 0 und d
100 |a Teobaldelli Ivan 
245 0 |a La biblioteca segreta 
260 |a * 
260 |b Sperling 
260 |c 1997 
500 |a Cento romanzi sull'amore omosessuale 
500 |a I sensi 
942 |2 ddc  |c BK  |n 0 
952 |0 0  |1 0  |2 ddc  |4 0  |6 26  |7 0  |9 28265  |a BS  |b BS  |d 2026-02-06  |i 79  |l 0  |o 2-6-*  |r 2026-02-06 22:40:31  |w 2026-02-06  |x [REVISIONARE]  |y BK 
999 |c 23961  |d 23961